<?xml version="1.0" encoding="UTF-8"?>
<collection xmlns="http://www.loc.gov/MARC21/slim">
 <record>
  <leader>06929nam a2200493 a 4500</leader>
  <controlfield tag="001">kal2233</controlfield>
  <controlfield tag="003">Gr-AtHEAL</controlfield>
  <controlfield tag="005">20160422073541.0</controlfield>
  <controlfield tag="006">m        d        </controlfield>
  <controlfield tag="008">160413s2015    gr      s           gre|c</controlfield>
  <datafield tag="020" ind1=" " ind2=" ">
   <subfield code="a">9789606032653</subfield>
  </datafield>
  <datafield tag="040" ind1=" " ind2=" ">
   <subfield code="a">GR-AtHEAL</subfield>
   <subfield code="b">gre</subfield>
   <subfield code="c">GR-AtHEAL</subfield>
  </datafield>
  <datafield tag="082" ind1="0" ind2="4">
   <subfield code="a">526</subfield>
   <subfield code="2">23</subfield>
  </datafield>
  <datafield tag="100" ind1="1" ind2=" ">
   <subfield code="a">Νάκος, Βύρωνας.</subfield>
   <subfield code="8">562</subfield>
  </datafield>
  <datafield tag="245" ind1="1" ind2="0">
   <subfield code="a">Αναλυτική χαρτογραφία</subfield>
   <subfield code="h">[Ηλεκτρονικός πόρος] </subfield>
   <subfield code="c">Νάκος, Βύρωνας ; Κριτικός αναγνώστης,Τσούλος, Λύσανδρος ; Τεχνική και γραφιστική επιμέλεια,Κοκολάκης, Αντώνιος ; Τεχνική και γραφιστική επιμέλεια,Κρασανάκης, Βασίλειος ; Τεχνική και γραφιστική επιμέλεια ; Μητρόπουλος, Βασίλειος.</subfield>
  </datafield>
  <datafield tag="260" ind1=" " ind2=" ">
   <subfield code="a">Αθήνα :</subfield>
   <subfield code="b">Σύνδεσμος Ελληνικών Ακαδημαϊκών Βιβλιοθηκών,</subfield>
   <subfield code="c">c2015.</subfield>
  </datafield>
  <datafield tag="490" ind1=" " ind2=" ">
   <subfield code="a">Ακαδημαϊκά Ηλεκτρονικά Συγγράμματα και Βοηθήματα Κάλλιπος</subfield>
   <subfield code="8">40</subfield>
  </datafield>
  <datafield tag="520" ind1=" " ind2=" ">
   <subfield code="a">Το πρώτο μέρος του βιβλίου (κεφάλαια 2-5) εστιάζεται στη μελέτη των χαρτογραφικών απεικονίσεων από την επιφάνεια ενός ελλειψοειδούς εκ περιστροφής ή μιας σφαίρας στο επίπεδο. Αρχικά, θεμελιώνεται το σύστημα των γεωγραφικών συντεταγμένων. Στη συνέχεια, παρουσιάζεται η μελέτη των παραμορφώσεων μηκών, γωνιών ή εμβαδού στοιχειωδών καθώς και πεπερασμένων μεγεθών κατά την απεικόνισή τους στο επίπεδο. Στο επόμενο κεφάλαιο περιγράφονται τα ορθά συστήματα κυλινδρικών, κωνικών και επίπεδων απεικονίσεων. Η ενότητα ολοκληρώνεται με την παρουσίαση των εγκάρσιων και πλάγιων συστημάτων απεικονίσεων. Το πρώτο μέρος του βιβλίου ολοκληρώνεται με την περιγραφή των χαρτογραφικών συστημάτων που εφαρμόστηκαν στον ελληνικό χώρο καθώς και οι υφιστάμενοι μέθοδοι μετατροπής συντεταγμένων μεταξύ διαφορετικών απεικονίσεων.Στο δεύτερο μέρος (κεφάλαια 6-11), εξετάζονται οι χαρτογραφικοί μετασχηματισμοί. Αρχικά, αναλύονται οι μέθοδοι εξαγωγής ποσοτικών πληροφοριών από χάρτες (χαρτομετρία). Στη συνέχεια, αναλύονται οι τρόποι μέτρησης μηκών, εμβαδού καθώς και ο προσδιορισμός όγκων από μετρήσεις σε χάρτες. Η ενότητα ολοκληρώνεται με την ανάλυση της σχέσης μεταξύ των χαρτογραφικών μετρήσεων και κλίμακας του χάρτη καθώς και την ανάλυση των συνιστωσών της χωρικής δειγματοληψίας. Στην επόμενη ενότητα, περιγράφονται οι αρχές της μαθηματικής διαδικασίας της μονοδιάστατης παρεμβολής. Ακολούθως, παρουσιάζονται οι τεχνικές ψηφιακής αναπαράστασης του ανάγλυφου της φυσικής γήινης επιφάνειας και ακολουθεί μια ολοκληρωμένη παρουσίαση των υφιστάμενων χαρτογραφικών μεθόδων αναλυτικού προσδιορισμού της φωτοσκίασης του ανάγλυφου. Στη συνέχεια, αναλύονται οι γεωμετρικοί μετασχηματισμοί που χρησιμοποιούνται σε πολλές χαρτογραφικές εφαρμογές και περιγράφονται ειδικές κατηγορίες απεικονίσεων που χρησιμοποιούνται σε εφαρμογές απεικόνισης τοπολογικά μετασχηματισμένου γεωγραφικού χώρου. Στην τελευταία ενότητα, αναλύονται οι τελεστές και αλγόριθμοι που χρησιμοποιούνται στη διεργασία της χαρτογραφικής γενίκευσης.</subfield>
  </datafield>
  <datafield tag="650" ind1=" " ind2="0">
   <subfield code="a">Cartography</subfield>
   <subfield code="8">1856</subfield>
  </datafield>
  <datafield tag="653" ind1=" " ind2=" ">
   <subfield code="a">Χαρτογραφική γενίκευση</subfield>
  </datafield>
  <datafield tag="653" ind1=" " ind2=" ">
   <subfield code="a">Εστιακές/Πολυ-εστιακές απεικονίσεις</subfield>
  </datafield>
  <datafield tag="653" ind1=" " ind2=" ">
   <subfield code="a">Γεωμετρικοί μετασχηματισμοί</subfield>
  </datafield>
  <datafield tag="653" ind1=" " ind2=" ">
   <subfield code="a">Φωτοσκίαση χαρτών</subfield>
  </datafield>
  <datafield tag="653" ind1=" " ind2=" ">
   <subfield code="a">Μορφομετρική ανάλυση</subfield>
  </datafield>
  <datafield tag="653" ind1=" " ind2=" ">
   <subfield code="a">Ψηφιακά μοντέλα υψομέτρων</subfield>
  </datafield>
  <datafield tag="653" ind1=" " ind2=" ">
   <subfield code="a">Παρεμβολή</subfield>
  </datafield>
  <datafield tag="653" ind1=" " ind2=" ">
   <subfield code="a">Χαρτομετρία</subfield>
  </datafield>
  <datafield tag="653" ind1=" " ind2=" ">
   <subfield code="a">Συστήματα απεικονίσεων</subfield>
  </datafield>
  <datafield tag="653" ind1=" " ind2=" ">
   <subfield code="a">Σύμμορφες/Ισαπέχουσες/Ισοδύναμες απεικονίσεις</subfield>
  </datafield>
  <datafield tag="653" ind1=" " ind2=" ">
   <subfield code="a">Ορθές/Εγκάρσιες/Πλάγιες απεικονίσεις</subfield>
  </datafield>
  <datafield tag="653" ind1=" " ind2=" ">
   <subfield code="a">Κυλινδρικές/Κωνικές/Επίπεδες απεικονίσεις</subfield>
  </datafield>
  <datafield tag="653" ind1=" " ind2=" ">
   <subfield code="a">Έλλειψη παραμόρφωσης</subfield>
  </datafield>
  <datafield tag="653" ind1=" " ind2=" ">
   <subfield code="a">Παραμορφώσεις απεικονίσεων</subfield>
  </datafield>
  <datafield tag="653" ind1=" " ind2=" ">
   <subfield code="a">Απεικονίσεις-προβολές</subfield>
  </datafield>
  <datafield tag="653" ind1=" " ind2=" ">
   <subfield code="a">Γεωγραφικές συντεταγμένες</subfield>
  </datafield>
  <datafield tag="653" ind1=" " ind2=" ">
   <subfield code="a">Ελλειψοειδές</subfield>
  </datafield>
  <datafield tag="653" ind1=" " ind2=" ">
   <subfield code="a">Τεχνολογία και επιστήμες μηχανικών</subfield>
   <subfield code="a">Επιστήμες αγρονόμου-τοπογράφου μηχανικού</subfield>
   <subfield code="a">Γεωγραφικά συστήματα πληροφοριών</subfield>
  </datafield>
  <datafield tag="653" ind1=" " ind2=" ">
   <subfield code="a">Τεχνολογία και επιστήμες μηχανικών</subfield>
   <subfield code="a">Επιστήμες αγρονόμου-τοπογράφου μηχανικού</subfield>
   <subfield code="a">Χαρτογραφία- γεωοπτικοποίηση</subfield>
  </datafield>
  <datafield tag="700" ind1="1" ind2=" ">
   <subfield code="a">Τσούλος, Λύσανδρος</subfield>
   <subfield code="e">Κριτικός αναγνώστης</subfield>
   <subfield code="8">563</subfield>
  </datafield>
  <datafield tag="856" ind1="4" ind2="0">
   <subfield code="u">http://hdl.handle.net/11419/2233</subfield>
   <subfield code="z">Πλήρες Κείμενο - Full text</subfield>
  </datafield>
  <datafield tag="907" ind1=" " ind2=" ">
   <subfield code="a">.b25679077</subfield>
   <subfield code="b">12-06-18</subfield>
   <subfield code="c">29-07-16</subfield>
  </datafield>
  <datafield tag="949" ind1=" " ind2=" ">
   <subfield code="0">0</subfield>
   <subfield code="1">0</subfield>
   <subfield code="2">ddc</subfield>
   <subfield code="4">0</subfield>
   <subfield code="6">526_000000000000000_ΝΑΚ</subfield>
   <subfield code="7">0</subfield>
   <subfield code="8">KALL</subfield>
   <subfield code="8">666</subfield>
   <subfield code="d">2016-04-13</subfield>
   <subfield code="r">2016-04-13</subfield>
   <subfield code="w">2016-04-13</subfield>
   <subfield code="z">526 ΝΑΚ</subfield>
   <subfield code="o">SEAB KALLIPOS</subfield>
  </datafield>
  <datafield tag="998" ind1=" " ind2=" ">
   <subfield code="a">80</subfield>
   <subfield code="a">01</subfield>
   <subfield code="a">02</subfield>
   <subfield code="a">03</subfield>
   <subfield code="a">04</subfield>
   <subfield code="a">05</subfield>
   <subfield code="a">06</subfield>
   <subfield code="a">07</subfield>
   <subfield code="a">08</subfield>
   <subfield code="a">09</subfield>
   <subfield code="a">10</subfield>
   <subfield code="a">11</subfield>
   <subfield code="a">12</subfield>
   <subfield code="a">13</subfield>
   <subfield code="a">14</subfield>
   <subfield code="a">15</subfield>
   <subfield code="a">16</subfield>
   <subfield code="a">17</subfield>
   <subfield code="a">18</subfield>
   <subfield code="a">19</subfield>
   <subfield code="a">20</subfield>
   <subfield code="a">21</subfield>
   <subfield code="a">22</subfield>
   <subfield code="a">23</subfield>
   <subfield code="a">24</subfield>
   <subfield code="a">25</subfield>
   <subfield code="a">26</subfield>
   <subfield code="b">15-05-17</subfield>
   <subfield code="c">m</subfield>
   <subfield code="d">z  </subfield>
   <subfield code="e">-</subfield>
   <subfield code="f">gre</subfield>
   <subfield code="g">gr </subfield>
   <subfield code="h">0</subfield>
  </datafield>
  <datafield tag="942" ind1=" " ind2=" ">
   <subfield code="2">ddc</subfield>
   <subfield code="c">KALLIPOS</subfield>
  </datafield>
 </record>
</collection>
